000 00755cab a2200241 4500
001 ABS48829
008 090401t1993 xxu||||| |||| 00| 0 eng d
035 _a(Sirsi) u68698
041 _aeng
100 _aMorris, A.
245 _aLegal arguments - changes in insurance cover against terrorist attack
260 _c1993
350 _a0
490 _aBuilding
_v258(22) 28 May 1993, 36(1)
520 _aReviews the new arrangements for insurance cover against terrorist damage to commercial buildings. Notes that housing construction sites require works insurance.
650 _aBOMB DAMAGE
650 _aBUILDING SITES
650 _aPOOL RE
650 _aTERRORISM COVER
690 _aInsurance
_96249
942 _n0
948 _c04/03/1997
999 _c43105
_d43105